000
00220 a2200097 4500
001
22531
100
_a
D'Azzo, J J
245
_a
Feedback Control System Analysis
260
_a
_b
McGraw-Hill
_c
1960
090
_c
15200
_d
15200
942
_a
NUST-CAE
_c
M
_c
5782
999
_c
257604
_d
257604